Statistics for Empire Top 100 Movies Quiz

Click here to take the quiz!

General Stats

  • This quiz has been taken 69 times
  • The average score is 64 of 100

Answer Stats

#YearLeading Actor/ActressMovie% Correct
11972Marlon BrandoThe Godfather
98%
111985Michael J. FoxBack to the Future
93%
21980Mark HamillStar Wars: Episode V - The Empire Strikes Back
93%
32008Christian BaleThe Dark Knight
92%
51994John TravoltaPulp Fiction
90%
921984Arnold SchwarzeneggerThe Terminator
90%
141979Tom SkerittAlien
88%
201988Bruce WillisDie Hard
88%
661983Mark HamillReturn of the Jedi
88%
81975Roy ScheiderJaws
86%
611994Tom HanksForrest Gump
85%
442000Russell CroweGladiator
85%
121974Al PacinoThe Godfather Part II
85%
241999Keanu ReevesThe Matrix
85%
281942Humphrey BogartCasablanca
83%
841976Sylvester StalloneRocky
83%
151986Sigourney WeaverAliens
81%
531960Anthony PerkinsPsycho
81%
71981Harrison FordRaiders of the Lost Ark
81%
331993Liam NeesonSchindler's List
81%
271966Clint EastwoodThe Good, the Bad and the Ugly
81%
232002Elijah WoodThe Lord of the Rings: The Two Towers
81%
481991Jodie FosterThe Silence of the Lambs
81%
601999Kevin SpaceyAmerican Beauty
80%
461941Orson WellesCitizen Kane
80%
171999Brad PittFight Club
80%
61990Robert De NiroGoodFellas
80%
431975Jack NicholsonOne Flew Over the Cuckoo's Nest
80%
91977Mark HamillStar Wars: Episode IV - A New Hope
80%
311976Robert De NiroTaxi Driver
80%
102001Elijah WoodThe Lord of the Rings: The Fellowship of the Ring
80%
162003Elijah WoodThe Lord of the Rings: The Return of the King
80%
971997Leonardo DiCaprioTitanic
80%
191993Sam NeillJurassic Park
78%
301995Brad PittSeven
78%
221979Martin SheenApocalypse Now
76%
351980Jack NicholsonThe Shining
76%
681984Bill MurrayGhostbusters
75%
991980Robert De NiroRaging Bull
75%
691952Gene KellySingin' in the Rain
75%
751996Frances McDormandFargo
73%
41994Tim RobbinsThe Shawshank Redemption
73%
291998Jeff BridgesThe Big Lebowski
71%
321995Stephen BaldwinThe Usual Suspects
71%
761971Malcolm McDowellA Clockwork Orange
69%
182010Leonardo DiCaprioInception
68%
511946James StewartIt's a Wonderful Life
68%
391998Tom HanksSaving Private Ryan
68%
491996Ewan McGregorTrainspotting
68%
362006Leonardo DiCaprioThe Departed
66%
652012Robert Downey, Jr.Avengers Assemble
64%
672000Guy PearceMemento
64%
871987Arnold SchwarzeneggerPredator
64%
821959Marilyn MonroeSome Like It Hot
64%
812010Jesse EisenbergThe Social Network
64%
131982Harrison FordBlade Runner
63%
591982Dee WallaceE.T. - The Extra-Terrestrial
63%
261995Al PacinoHeat
63%
771995Tom HanksToy Story
63%
892004Simon PeggShaun of the Dead
61%
561992Harvey KeitelReservoir Dogs
59%
401957Henry Fonda12 Angry Men
58%
982001Audrey TautouAmélie
58%
342016Chris PrattGuardians of the Galaxy
58%
851994Jean RenoLéon: The Professional
58%
902007Tommy Lee JonesNo Country for Old Men
58%
422007Daniel Day-LewisThere Will Be Blood
58%
632001Jake GyllenhaalDonnie Darko
56%
541958James StewartVertigo
54%
211968Keir Dullea2001: A Space Odyssey
53%
712007Simon PeggHot Fuzz
53%
861989Harrison FordIndiana Jones and the Last Crusade
53%
942003Bill MurrayLost in Translation
53%
961997Robin WilliamsGood Will Hunting
51%
622016Ryan GoslingLa La Land
51%
721954James StewartRear Window
51%
731954Toshiro MifuneSeven Samurai
51%
1001986Wil WheatonStand by Me
51%
792016Chris EvansCaptain America: Civil War
47%
452011Ryan GoslingDrive
46%
412004Jim CarreyEternal Sunshine of the Spotless Mind
46%
472014Matthew McConaugheyInterstellar
44%
572014Miles TellerWhiplash
44%
501962Alec GuinnessLawrence of Arabia
42%
251991Arnold SchwarzeneggerTerminator 2: Judgement Day
42%
881973Ellen BurstynThe Exorcist
41%
912006Hugh JackmanThe Prestige
41%
952016Amy AdamsArrival
39%
582009Brad PittInglourious Basterds
39%
371982Kurt RussellThe Thing
39%
382015Tom HardyMad Max: Fury Road
37%
931987Cary ElwesThe Princess Bride
37%
701994Matthew BroderickThe Lion King
34%
742001Naomi WattsMulholland Dr.
32%
782003Choi Min-sikOldboy
32%
831993Christian SlaterTrue Romance
29%
641997Kevin SpaceyL.A. Confidential
25%
521968Claudia CardinaleOnce Upon a Time in the West
22%
802001Rumi HiiragiSpirited Away
20%
552006Sergi LópezPan's Labyrinth
17%

Score Distribution

Percentile by Number Answered

Percent of People with Each Score

Your Score History

You have not taken this quiz